| 000 | 00871nam a2200253 b 4500 | ||
|---|---|---|---|
| 999 |
_c33635 _d33635 |
||
| 003 | OSt | ||
| 005 | 20230207222613.0 | ||
| 008 | 020226s2009 col spa | ||
| 020 | _a978-970-10-6963-9 | ||
| 040 |
_cBMC _aBMC |
||
| 082 | _a612.6 | ||
| 245 | 0 | 0 |
_aDesarrollo del adulto y vejez _cDiane E. Papalia...[et al.]; revisión técnica, Alma M. Polo Velásquez; [traducción, Víctor Campos Olguín] |
| 250 | _a3ª ed | ||
| 260 |
_aMéxico D.F. [etc.] _bMcGraw-Hill _ccop. 2009 |
||
| 300 |
_aXVI, 524 + [84] p. _bil. _c23 cm |
||
| 500 | _aIncluye índice | ||
| 504 | _aIncluye referencias bibliográficas | ||
| 546 | _aTraducción de: Adult development and aging | ||
| 650 | 2 | 4 |
_98157 _aCrecimiento humano |
| 700 |
_98167 _aPapalia, Diane E. |
||
| 700 | 1 |
_946924 _aPolo Velasquez, Alma M. |
|
| 700 | 1 |
_91789 _aCampos Olguín, Víctor |
|
| 942 |
_2ddc _cBK |
||